Things that are American - Statistics

General Stats
  • This quiz has been taken 59 times
  • The average score is 7 of 15
Answer Stats
Picture Answer % Correct
Statue of Liberty
94%
Apple Pie
92%
Mountain Dew
89%
White House
87%
Mount Rushmore
77%
Grand Canyon
72%
Cheese burger
70%
Groundhog
45%
Tater Tots
43%
Pronghorn
13%
Coneflower
8%
Luna Moth
8%
Lobelia
2%
Hawaiian monk seal
0%
White Sage
0%
No matching quizzes found
Score Distribution
Percent of People with Each Score
Percentile by Number Answered
Your Score History
You have not taken this quiz